Từ văn bản đến tác phẩm văn học

Nội dung bao gồm các bài viết về vấn đề lý luận và lịch sử văn học, những vấn đề cơ bản của lý luận văn học hiện đại như vấn đề văn bản và tác phẩm văn học, sự phát triển của văn học, văn học dịch và văn học so sánh, các giá trị...

Cur síos iomlán

Đã lưu trong:
Sonraí Bibleagrafaíochta
Príomhúdar: Trương Đăng Dung
Formáid: Leabhar
Teanga:Undetermined
Foilsithe: Hà Nội KHXH 1998
Ábhair:
Clibeanna: Cuir Clib Leis
Gan Chlibeanna, Bí ar an gcéad duine leis an taifead seo a chlibeáil!
Thư viện lưu trữ: Trung tâm Học liệu Trường Đại học Cần Thơ
LEADER 00931nam a2200181Ia 4500
001 CTU_29731
008 210402s9999 xx 000 0 und d
082 |a 801 
082 |b D513 
100 |a Trương Đăng Dung 
245 0 |a Từ văn bản đến tác phẩm văn học 
245 0 |c Trương Đăng Dung 
260 |a Hà Nội 
260 |b KHXH 
260 |c 1998 
520 |a Nội dung bao gồm các bài viết về vấn đề lý luận và lịch sử văn học, những vấn đề cơ bản của lý luận văn học hiện đại như vấn đề văn bản và tác phẩm văn học, sự phát triển của văn học, văn học dịch và văn học so sánh, các giá trị của văn học 
650 |a literature - history and criticism,literature - philosophy 
980 |a Trung tâm Học liệu Trường Đại học Cần Thơ